La rueda de Chicago (Registro nro. 35520)
[ vista simple ]
| 000 -CABECERA | |
|---|---|
| Longitud fija campo de control | 01069cam a22003017a 4500 |
| 003 - • IDENTIFICADOR DELl NÚMERO DE CONTROL | |
| Identificador del número de control | CO-ViMGA |
| 005 - • FECHA Y HORA DE LA ÚLTIMA TRANSACCIÓN | |
| Fecha y hora de la última transacción | 20230915233132.0 |
| 008 - • CÓDIGOS DE INFORMACIÓN DE LONGITUD FIJA | |
| Códigos de información de longitud fija | 030113s2004 ck 000 0 spa |
| 020 ## - • NÚMERO INTERNACIONAL NORMALIZADO PARA LIBROS | |
| Número Internacional Normalizado para Libros (ISBN) | 9588160820 |
| 040 ## - FUENTE DE LA CATALOGACIÓN | |
| Centro catalogador de origen | CO-ViMGA |
| Lengua de catalogación | spa |
| Centro transcriptor | CO-ViMGA |
| 100 10 - • PUNTO DE ACCESO PRINCIPAL-NOMBRE DE PERSONA | |
| Nombre de persona | Romero, Armando, |
| Fechas asociadas al nombre | 1944- |
| 245 13 - • TITULO PROPIAMENTE DICHO | |
| Título | La rueda de Chicago |
| Mención de responsabilidad, etc. | Armando Romero ; editores Benjamin Villegas, Maria Villegas |
| 250 ## - • MENCIÓN DE EDICIÓN | |
| Mención de edición | 1a. edicin̤ |
| 300 ## - • DESCRIPCIÓN FÍSICA | |
| Extensión | 424 pg̀inas |
| Dimensiones | 22 cm. |
| 490 0# - • MENCIÓN DE SERIE | |
| Mención de serie | Coleccion̤ dorada intere general |
| 490 0# - • MENCIÓN DE SERIE | |
| Mención de serie | Villegas. Novela |
| 500 ## - • NOTA GENERAL | |
| Nota general | Donacin̤ Villegas Editores |
| 500 ## - • NOTA GENERAL | |
| Nota general | Incluye datos biogrf̀icos del autor |
| 650 14 - • PUNTO DE ACCESO ADICIONAL DE MATERIA - TÉRMINO DE MATERIA | |
| Fuente del encabezamiento o término | LEMB |
| Término de materia o nombre geográfico como elemento inicial | Latinoamericanos en Estados Unidos |
| Subdivisión de forma | Novela |
| 650 14 - • PUNTO DE ACCESO ADICIONAL DE MATERIA - TÉRMINO DE MATERIA | |
| Fuente del encabezamiento o término | LEMB |
| Término de materia o nombre geográfico como elemento inicial | Literatura colombiana |
| Subdivisión cronológica | Siglo XX |
| 650 14 - • PUNTO DE ACCESO ADICIONAL DE MATERIA - TÉRMINO DE MATERIA | |
| Fuente del encabezamiento o término | LEMB |
| Término de materia o nombre geográfico como elemento inicial | Novela amorosa colombiana |
| 650 14 - • PUNTO DE ACCESO ADICIONAL DE MATERIA - TÉRMINO DE MATERIA | |
| Fuente del encabezamiento o término | LEMB |
| Término de materia o nombre geográfico como elemento inicial | Novela colombiana |
| Subdivisión cronológica | Siglo XX |
| 700 10 - • PUNTO DE ACCESO ADICIONAL - NOMBRE DE PERSONA | |
| Nombre de persona | Villegas, Benjamn̕, |
| Fechas asociadas al nombre | 1948- |
| Término indicativo de función | editor |
| 700 10 - • PUNTO DE ACCESO ADICIONAL - NOMBRE DE PERSONA | |
| Nombre de persona | Villegas, Mara̕, |
| Fechas asociadas al nombre | 1976- |
| Término indicativo de función | editor |
| 942 ## - ENTRADA DE ELEMENTOS AGREGADOS (KOHA) | |
| Fuente de clasificaión o esquema | Dewey Decimal Classification |
| Koha [por defecto] tipo de item | LIbro |
| Perdido | Fuente de clasificación o esquema | Estado Físico | No para préstamo | Forma de adquisición | Localización permanente | Localización actual | Fecha adquisición | Préstamos totales | Renovaciones totales | Signatura completa | Código de barras | Fecha última consulta | Fecha último préstamo | Número de copia | Fecha del precio de reemplazo | Tipo de item de Koha | Localización en estanterías | Número de registro |
|---|---|---|---|---|---|---|---|---|---|---|---|---|---|---|---|---|---|---|
| Dewey Decimal Classification | Colección General | Biblioteca Pública Puerto Lleras | Biblioteca Pública Puerto Lleras | 02/24/2025 | N ROMR1 | PLL02056 | 02/24/2025 | Ej.1 | 02/24/2025 | Libro Literatura | Literatura | |||||||
| Dewey Decimal Classification | Colección General | Biblioteca Pública San Carlos de Guaroa - Eduardo Carranza | Biblioteca Pública San Carlos de Guaroa - Eduardo Carranza | 05/06/2024 | N ROM1 | SG01758 | 05/06/2024 | Ej.1 | 05/06/2024 | LIbro | Literatura | |||||||
| Dewey Decimal Classification | Sala General Segundo Piso | Biblioteca Pública Germán Arciniegas - Villavicencio | Biblioteca Pública Germán Arciniegas - Villavicencio | 05/24/2016 | 1 | 1 | N ROMR1 | 30072 | 11/08/2017 | 10/21/2017 | Ej. 1 | 05/24/2016 | LIbro | |||||
| Dewey Decimal Classification | Biblioteca Pública Mesetas - Franco lodo Poloxi | Biblioteca Pública Mesetas - Franco lodo Poloxi | 10/18/2024 | N ROMR1 | ME000473 | 10/18/2024 | Ej.1 | 10/18/2024 | LIbro | Literatura | 9588160820 |